Statistics for FlabberBapper's Geography Challenge #2

Click here to take the quiz!

General Stats

  • This quiz has been taken 68 times
  • The average score is 6 of 10

Answer Stats

HintAnswer% Correct
Gained independence from Ethiopia in 1993Eritrea
86%
Country's whose official language is CatalanAndorra
83%
Country that was invaded; leading to the start of World War IIPoland
83%
Most populated country in Central AsiaUzbekistan
77%
Caribbean country invaded by the US during the Cold WarGrenada
69%
Most populated landlocked countryEthiopia
60%
Ranked the happiest country in the worldNorway
46%
Country with the most Ashanti peopleGhana
40%
Country that is nicknamed "Land of 365 Beaches"Antigua and Barbuda
17%
Final AnswerCorrect!
17%

Score Distribution

Percentile by Number Answered

Percent of People with Each Score

Your Score History

You have not taken this quiz